[Event "SR 2. liga A 2016/2017"]
[Site "?"]
[Date "2016.10.09"]
[Round "2.3"]
[White "Jozefek, Michal"]
[Black "Vlcek, Stanislav"]
[Result "1/2-1/2"]
[WhiteElo "2178"]
[BlackElo "2280"]
[PlyCount "104"]
[EventDate "2016.??.??"]

1. d4 Nf6 2. c4 g6 3. Nc3 Bg7 4. e4 d6 5. Be2 O-O 6. Bg5 Na6 7. f4 c5 8. d5 h6
9. Bh4 Qe8 10. Nf3 e6 11. Nd2 Bd7 12. a4 exd5 13. cxd5 Nc7 14. O-O b5 15. axb5
Nxb5 16. Bf3 Nh7 17. Nc4 Qb8 18. Qd3 Re8 19. Bg3 Nd4 20. f5 Bf8 21. fxg6 fxg6
22. Ra6 Bb5 23. Nxb5 Qxb5 24. Ra5 Qd7 25. e5 dxe5 26. Nxe5 Qg7 27. Nxg6 c4 28.
Qb1 Bb4 29. Ra6 Ng5 30. Nf4 Ndxf3+ 31. gxf3 Kh8 32. Qg6 Qxg6 33. Rxg6 Kh7 34.
Rc6 Rac8 35. Rxc8 Rxc8 36. Kg2 Nf7 37. Ne6 Nd6 38. Bxd6 Bxd6 39. Ra1 Be5 40.
Rxa7+ Kg6 41. Rb7 Kf5 42. f4 Bf6 43. Kf3 c3 44. bxc3 Rxc3+ 45. Ke2 Rh3 46. Ng7+
Kxf4 47. Rf7 Ke5 48. d6 Rxh2+ 49. Kf3 Bxg7 50. d7 Bf6 51. Rxf6 Rd2 52. Rxh6
Rxd7 1/2-1/2

[Event "SR 2. liga A 2016/2017"]
[Site "?"]
[Date "2016.10.09"]
[Round "2.3"]
[White "Vrbova, Niki"]
[Black "Gasa, Patrik"]
[Result "1-0"]
[WhiteElo "2166"]
[BlackElo "2133"]
[PlyCount "77"]
[EventDate "2016.??.??"]

1. e4 c5 2. Nf3 e6 3. d3 Nc6 4. g3 d5 5. Nbd2 Nf6 6. c3 a6 7. a4 Rb8 8. Qe2 b5
9. axb5 axb5 10. Bg2 Be7 11. O-O O-O 12. h4 d4 13. cxd4 cxd4 14. Nb3 e5 15. Bd2
Be6 16. Rfc1 Qd6 17. Ra6 Bd7 18. Na5 Rbc8 19. Nxc6 Bxc6 20. Bh3 Rc7 21. Nxe5
Qxe5 22. Bf4 Bb7 23. Rxc7 Qxc7 24. Bxc7 Bxa6 25. Bb6 b4 26. e5 Nd5 27. Bxd4 Rd8
28. Bf5 b3 29. Qg4 g6 30. h5 g5 31. h6 Bb7 32. Bc5 Ra8 33. Bxe7 Nxe7 34. Qxg5+
Ng6 35. Be4 Bxe4 36. dxe4 Ra1+ 37. Kg2 Ra6 38. f4 Kf8 39. Qd8# 1-0

[Event "SR 2. liga A 2016/2017"]
[Site "?"]
[Date "2016.10.09"]
[Round "2.3"]
[White "Cajka, Tibor"]
[Black "Cech, Dominik"]
[Result "0-1"]
[WhiteElo "2081"]
[BlackElo "2130"]
[PlyCount "92"]
[EventDate "2016.??.??"]

1. e4 c5 2. Nf3 e6 3. d4 cxd4 4. Nxd4 Nc6 5. Nb5 d6 6. c4 Nf6 7. N1c3 a6 8. Na3
b6 9. Be3 Bb7 10. Be2 Ne5 11. f4 Ned7 12. Bf3 Qc7 13. Qd3 Rc8 14. O-O Be7 15.
g4 g5 16. fxg5 Ne5 17. Qd4 Nfd7 18. Be2 Rg8 19. h4 Ng6 20. Bf2 f6 21. gxf6 Bxf6
22. Qe3 Bxh4 23. Rad1 Be7 24. Nc2 Nde5 25. Qh3 Nf4 26. Qxh7 Nxe2+ 27. Nxe2
Rxg4+ 28. Bg3 Bxe4 29. Qh8+ Kd7 30. Qxe5 Bxc2 31. Rd2 Bg6 32. b4 Rg5 33. Qg7
Bf5 34. Qh6 Rcg8 35. Qh2 Qxc4 36. Rfd1 d5 37. Rd4 Qc7 38. Kf2 Bd6 39. Bf4 Bxf4
40. Nxf4 Qc2+ 41. R1d2 Qc3 42. Ne2 Qh3 43. Rxd5+ exd5 44. Rxd5+ Kc8 45. Qd6
Rg2+ 46. Ke1 Rxe2+ 0-1

[Event "SR 2. liga A 2016/2017"]
[Site "?"]
[Date "2016.10.09"]
[Round "2.3"]
[White "Petrik, Stanislav"]
[Black "Nemeckay, Rastislav"]
[Result "1-0"]
[WhiteElo "2120"]
[BlackElo "2024"]
[PlyCount "37"]
[EventDate "2016.??.??"]

1. e4 e5 2. Nf3 Nc6 3. d4 exd4 4. Bc4 Nf6 5. Ng5 d5 6. exd5 Na5 7. Bb5+ c6 8.
dxc6 bxc6 9. Ba4 Ba6 10. Qf3 Bb4+ 11. c3 dxc3 12. bxc3 Qe7+ 13. Be3 Rc8 14. Bb3
O-O 15. cxb4 Qxb4+ 16. Nd2 Nc4 17. Bxc4 Bxc4 18. Qf4 Qc3 19. Qd4 1-0

[Event "SR 2. liga A 2016/2017"]
[Site "?"]
[Date "2016.10.09"]
[Round "2.3"]
[White "Pericka, Tomas"]
[Black "Orosi, Peter"]
[Result "0-1"]
[WhiteElo "2003"]
[BlackElo "2106"]
[PlyCount "44"]
[EventDate "2016.??.??"]

1. e4 c5 2. Nf3 g6 3. c3 Bg7 4. d4 cxd4 5. cxd4 d5 6. e5 Nc6 7. h3 Nh6 8. Nc3
O-O 9. Qb3 Nf5 10. Be3 e6 11. Bd3 f6 12. Bxf5 fxe5 13. Bxe6+ Bxe6 14. Ng5 Nxd4
15. Qxb7 Nc2+ 16. Kd2 Bf5 17. g4 Nxe3 18. fxe3 Qxg5 19. gxf5 d4 20. Nd1 dxe3+
21. Nxe3 Rfd8+ 22. Ke2 Rab8 0-1

[Event "SR 2. liga A 2016/2017"]
[Site "?"]
[Date "2016.10.09"]
[Round "2.3"]
[White "Petrik, Karol"]
[Black "Ocko, Martin"]
[Result "1-0"]
[WhiteElo "2112"]
[BlackElo "1899"]
[PlyCount "71"]
[EventDate "2016.??.??"]

1. e4 c5 2. Ne2 Nc6 3. g3 g6 4. Bg2 Bg7 5. O-O d6 6. c4 e6 7. Nbc3 Nge7 8. d3
O-O 9. Be3 Nd4 10. Qd2 Nec6 11. Bh6 a6 12. Bxg7 Kxg7 13. f4 f5 14. Rae1 Bd7 15.
Nxd4 cxd4 16. Nd1 Qa5 17. Qxa5 Nxa5 18. e5 dxe5 19. Rxe5 Nc6 20. Bxc6 Bxc6 21.
Rxe6 Rfe8 22. Rfe1 Kf7 23. Rxe8 Rxe8 24. Kf2 b5 25. Rxe8 Bxe8 26. Ke2 Kf6 27.
Nf2 g5 28. Nh3 h6 29. Ng1 Bh5+ 30. Kd2 Ke6 31. Ne2 Bxe2 32. Kxe2 g4 33. Kd2 Kd6
34. cxb5 axb5 35. Kc2 Kc5 36. Kb3 1-0

[Event "SR 2. liga A 2016/2017"]
[Site "?"]
[Date "2016.10.09"]
[Round "2.3"]
[White "Sobek, Michal"]
[Black "Krajnak, Robert"]
[Result "0-1"]
[WhiteElo "1823"]
[BlackElo "2070"]
[PlyCount "80"]
[EventDate "2016.??.??"]

1. e4 c5 2. Nc3 e6 3. Nf3 Nc6 4. d4 cxd4 5. Nxd4 d6 6. Bb5 Qc7 7. O-O Bd7 8.
Bxc6 bxc6 9. Qf3 Ne7 10. Re1 Ng6 11. Qg3 Be7 12. Bg5 Bxg5 13. Qxg5 O-O 14. h4
Qd8 15. Qg3 e5 16. Nf3 Qf6 17. Rad1 Rfc8 18. Kh2 h6 19. Rd2 Nf4 20. Kg1 Nh5 21.
Qh2 Rab8 22. b3 Rb4 23. a3 Rbb8 24. Ne2 Bg4 25. Rd3 Re8 26. Red1 d5 27. Re3 d4
28. Red3 c5 29. Kf1 Qg6 30. Re1 f6 31. Qh1 c4 32. bxc4 Qf7 33. g3 Qxc4 34. Rc1
Rb2 35. Ne1 f5 36. Qg2 Nf6 37. f3 fxe4 38. fxe4 Qc6 39. Rdd1 Nxe4 40. Nd3 Bxe2+
0-1

[Event "SR 2. liga A 2016/2017"]
[Site "?"]
[Date "2016.10.09"]
[Round "2.4"]
[White "Kralovic, Andrej"]
[Black "Pechac, Jergus"]
[Result "0-1"]
[WhiteElo "2218"]
[BlackElo "2431"]
[PlyCount "70"]
[EventDate "2016.??.??"]

1. e4 c5 2. Nf3 d6 3. d4 cxd4 4. Nxd4 Nf6 5. Nc3 a6 6. Nb3 g6 7. Be2 Bg7 8. g4
Nc6 9. Be3 Be6 10. g5 Nd7 11. Qd2 Rc8 12. O-O-O O-O 13. Nd5 Nce5 14. Bd4 b5 15.
Na5 Nc5 16. Bxc5 dxc5 17. f4 Bxd5 18. exd5 b4 19. Nc4 Nxc4 20. Bxc4 Qd6 21.
Rde1 e6 22. Re4 Rfd8 23. Rd1 exd5 24. Bxd5 Bd4 25. Rxd4 cxd4 26. Qxd4 Qc7 27.
Rd2 Re8 28. Kd1 Qe7 29. c4 bxc3 30. bxc3 Rb8 31. Kc2 a5 32. Kd3 Qe1 33. Qf6
Qe3+ 34. Kc4 Rec8+ 35. Bc6 Qxd2 0-1

[Event "SR 2. liga A 2016/2017"]
[Site "?"]
[Date "2016.10.09"]
[Round "2.4"]
[White "Jablonicky, Martin"]
[Black "Lintner, Igor"]
[Result "1-0"]
[WhiteElo "2230"]
[BlackElo "2065"]
[PlyCount "53"]
[EventDate "2016.??.??"]

1. d4 e6 2. c4 Bb4+ 3. Nc3 f5 4. g3 Nf6 5. Bg2 O-O 6. Nf3 d6 7. O-O Nc6 8. Qb3
Bxc3 9. Qxc3 Qe7 10. b4 Ne4 11. Qb3 g5 12. b5 Nb8 13. Rd1 Nd7 14. Ba3 c5 15.
bxc6 bxc6 16. Ne5 Nb8 17. Rab1 Qc7 18. Bxe4 fxe4 19. Qe3 Rf5 20. Ng4 Kg7 21.
Qxe4 d5 22. cxd5 exd5 23. Qe8 Qd7 24. Qh5 Qf7 25. Qh6+ Kh8 26. Qd6 Na6 27. Qxc6
1-0

[Event "SR 2. liga A 2016/2017"]
[Site "?"]
[Date "2016.10.09"]
[Round "2.4"]
[White "Bednar, Jan"]
[Black "Slobodnik, Michal"]
[Result "1/2-1/2"]
[WhiteElo "2072"]
[BlackElo "2063"]
[PlyCount "79"]
[EventDate "2016.??.??"]

1. d4 g6 2. c4 Bg7 3. Nf3 d6 4. g3 b6 5. Bg2 Bb7 6. O-O h6 7. Nc3 a6 8. b3 Nd7
9. Bb2 e6 10. e4 Ne7 11. Re1 g5 12. h3 Ng6 13. Qd2 O-O 14. Rad1 f5 15. d5 fxe4
16. Nd4 Nc5 17. Nxe4 Bxd4 18. Bxd4 e5 19. Bxc5 bxc5 20. h4 Nf4 21. gxf4 gxf4
22. Qd3 Bc8 23. Nxc5 Qxh4 24. Ne6 Bxe6 25. dxe6 f3 26. Bxf3 Kh8 27. e7 Rf7 28.
Qe4 Rg8+ 29. Kf1 Rf4 30. Qd5 Qxe7 31. c5 Qf6 32. Rd3 e4 33. Rxe4 Rxf3 34. Rxf3
Qxf3 35. Qd4+ Rg7 36. cxd6 cxd6 37. Rf4 Qh1+ 38. Ke2 Qh5+ 39. Kf1 Qg6 40. Qe4
1/2-1/2

[Event "SR 2. liga A 2016/2017"]
[Site "?"]
[Date "2016.10.09"]
[Round "2.4"]
[White "Packa, Ladislav"]
[Black "Macka, Oto"]
[Result "1/2-1/2"]
[WhiteElo "2161"]
[BlackElo "2056"]
[PlyCount "52"]
[EventDate "2016.??.??"]

1. d4 Nf6 2. c4 e6 3. Nc3 Bb4 4. e3 O-O 5. Bd3 d6 6. Nge2 e5 7. a3 Bxc3+ 8.
Nxc3 Re8 9. d5 e4 10. Bc2 Bf5 11. f4 c6 12. h3 h5 13. O-O Na6 14. b4 Rc8 15.
dxc6 bxc6 16. Qe2 Nc7 17. Bb2 Qe7 18. Bb3 Rb8 19. Rab1 a5 20. Ba4 axb4 21. axb4
Bd7 22. Qc2 Na6 23. b5 cxb5 24. Bxb5 Nb4 25. Qd2 Nd3 26. Ba3 Ra8 1/2-1/2

[Event "SR 2. liga A 2016/2017"]
[Site "?"]
[Date "2016.10.09"]
[Round "2.4"]
[White "Tomanek, Rafael"]
[Black "Jablonicky, Frantisek"]
[Result "0-1"]
[WhiteElo "1975"]
[BlackElo "2122"]
[PlyCount "51"]
[EventDate "2016.??.??"]

1. d4 f5 2. Nf3 Nf6 3. g3 g6 4. Bg2 Bg7 5. O-O O-O 6. c4 d6 7. Nc3 Qe8 8. e3 e5
9. d5 a5 10. b3 Na6 11. Bb2 Bd7 12. Qc2 h6 13. a3 g5 14. e4 Qg6 15. Nd2 h5 16.
Rae1 h4 17. exf5 Bxf5 18. Nde4 Nc5 19. Nxf6+ Rxf6 20. Ne4 Kh8 21. b4 axb4 22.
axb4 Nxe4 23. Bxe4 hxg3 24. fxg3 Bxe4 25. Rxf6 Bxc2 26. Rxg6 0-1

[Event "SR 2. liga A 2016/2017"]
[Site "?"]
[Date "2016.10.09"]
[Round "2.4"]
[White "Horecky, Peter"]
[Black "Vinarcik, Jan"]
[Result "1-0"]
[WhiteElo "2029"]
[BlackElo "1890"]
[PlyCount "133"]
[EventDate "2016.??.??"]

1. d4 d5 2. c4 e6 3. Nf3 Nf6 4. e3 Nbd7 5. b3 c6 6. Bd3 Bb4+ 7. Nbd2 O-O 8. O-O
Bd6 9. Bb2 Re8 10. Ne5 Nf8 11. f4 N6d7 12. c5 Bb8 13. b4 f6 14. Nxd7 Bxd7 15.
Nf3 Re7 16. Qb3 a6 17. a4 Qe8 18. g3 Kh8 19. e4 Bc7 20. Rae1 Qf7 21. b5 axb5
22. axb5 cxb5 23. Bxb5 Bc6 24. e5 f5 25. Ra1 Ree8 26. Ng5 Qd7 27. Bxc6 bxc6 28.
Bc3 h6 29. Nf3 Rab8 30. Qc2 Rb7 31. Ra6 Reb8 32. Nd2 Bd8 33. Qa4 Rb5 34. Ra1
R8b7 35. Qa2 g5 36. Ra7 gxf4 37. Rxb7 Rxb7 38. gxf4 Qg7+ 39. Kh1 Qg4 40. Rg1
Qe2 41. Qa8 Rd7 42. Ba5 Rg7 43. Rxg7 Kxg7 44. Qxd8 Qe1+ 45. Kg2 Qe2+ 46. Kg1
Qe3+ 47. Kf1 Qxf4+ 48. Ke1 Qxd4 49. Qf6+ Kg8 50. Bd8 Qg1+ 51. Nf1 Qg7 52. Qxg7+
Kxg7 53. Be7 Nd7 54. Bd6 f4 55. Nd2 Kg6 56. Nf3 Kf5 57. Nd4+ Ke4 58. Nxc6 d4
59. Nb4 Ke3 60. c6 Nb6 61. Bc5 Nc8 62. c7 Ke4 63. Bd6 f3 64. Kf2 d3 65. Nxd3
Kxd3 66. Kxf3 Kd4 67. Kg4 1-0

[Event "SR 2. liga A 2016/2017"]
[Site "?"]
[Date "2016.10.09"]
[Round "2.4"]
[White "Henc, Marian"]
[Black "Zigo, Rastislav"]
[Result "0-1"]
[WhiteElo "1896"]
[BlackElo "1999"]
[PlyCount "68"]
[EventDate "2016.??.??"]

1. c4 e5 2. d3 Nf6 3. Nf3 Nc6 4. Nc3 Bb4 5. Bd2 O-O 6. g3 d6 7. Bg2 Bg4 8. O-O
Re8 9. a3 Bxc3 10. Bxc3 Qd7 11. Ng5 h6 12. Ne4 Nh7 13. f3 Bh3 14. e3 Bxg2 15.
Kxg2 Ne7 16. Qe1 Ng6 17. Rd1 f5 18. Nf2 Qf7 19. b3 f4 20. Ne4 d5 21. cxd5 Qxd5
22. b4 Rad8 23. Bb2 Qf7 24. exf4 exf4 25. Qc3 Kh8 26. Qc4 Qd7 27. d4 Ng5 28.
Nxg5 hxg5 29. Rc1 c6 30. Qc5 Re2+ 31. Rf2 Rxf2+ 32. Kxf2 Qh3 33. Rg1 Qxh2+ 34.
Rg2 fxg3+ 0-1

[Event "SR 2. liga A 2016/2017"]
[Site "?"]
[Date "2016.10.09"]
[Round "2.5"]
[White "Farkas, Gabor"]
[Black "Bronis, Marian"]
[Result "1-0"]
[WhiteElo "2381"]
[BlackElo "2129"]
[PlyCount "56"]
[EventDate "2016.??.??"]

1. d4 c5 2. d5 Nf6 3. c4 b5 4. cxb5 a6 5. bxa6 Bxa6 6. d6 Nc6 7. Nc3 Qb8 8. Rb1
e6 9. Bf4 Nh5 10. Bg5 h6 11. Bh4 Bxd6 12. e3 Be5 13. Bxa6 Rxa6 14. f4 Bf6 15.
Bf2 g5 16. g4 gxf4 17. gxh5 fxe3 18. Bxe3 Bxc3+ 19. bxc3 Qe5 20. Qe2 Qe4 21.
Rb2 Ra3 22. Qf3 Qxf3 23. Nxf3 Rxc3 24. Kd2 Ra3 25. Rhb1 O-O 26. Rg1+ Kh7 27.
Bxc5 Rxf3 28. Bxf8 Nd4 1-0

[Event "SR 2. liga A 2016/2017"]
[Site "?"]
[Date "2016.10.09"]
[Round "2.5"]
[White "Gruca, Miroslav"]
[Black "Biro, Karol"]
[Result "1-0"]
[WhiteElo "2214"]
[BlackElo "2086"]
[PlyCount "117"]
[EventDate "2016.??.??"]

1. e4 e6 2. d4 d5 3. Nc3 Nf6 4. e5 Nfd7 5. f4 c5 6. Nf3 Nc6 7. Be3 a6 8. Qd2
cxd4 9. Nxd4 Nc5 10. Qf2 Nxd4 11. Bxd4 Qc7 12. Bd3 Bd7 13. O-O g6 14. Rac1 b5
15. b4 Nxd3 16. cxd3 Qb7 17. Qb2 Rc8 18. Ne2 Bc6 19. Bc5 d4 20. Nxd4 Bd5 21.
Bxf8 Rxf8 22. Rxc8+ Qxc8 23. Rc1 Qb7 24. Nb3 Bxb3 25. Qxb3 Kd7 26. Qc3 Rd8 27.
g3 Ke8 28. Qc6+ Qxc6 29. Rxc6 Rxd3 30. Rxa6 Rd2 31. Ra7 Rb2 32. a3 Ra2 33. Ra5
h6 34. Rxb5 Rxa3 35. Kg2 Ra2+ 36. Kh3 Rb2 37. Rb8+ Ke7 38. b5 h5 39. b6 Kd7 40.
Rf8 Ke7 41. Rb8 Kd7 42. Kh4 Rxh2+ 43. Kg5 Rg2 44. Kf6 Rxg3 45. Rf8 Kc6 46. Rxf7
Kxb6 47. Kxe6 Kc6 48. Kf6 Rg4 49. e6 Rxf4+ 50. Kxg6 Re4 51. Kf6 h4 52. Ke7 Kd5
53. Rf5+ Kc6 54. Rh5 Ra4 55. Rh6 Kc7 56. Ke8 Rf4 57. e7 Re4 58. Rh7 Rg4 59. Kf8
1-0

[Event "SR 2. liga A 2016/2017"]
[Site "?"]
[Date "2016.10.09"]
[Round "2.5"]
[White "Janos, Ivan"]
[Black "Slacky, Stanislav"]
[Result "0-1"]
[WhiteElo "2032"]
[BlackElo "2177"]
[PlyCount "60"]
[EventDate "2016.??.??"]

1. e4 Nf6 2. e5 Nd5 3. d4 d6 4. c4 Nb6 5. exd6 exd6 6. Nf3 Bg4 7. Be2 Nc6 8.
O-O Be7 9. b3 Bf6 10. Be3 O-O 11. Nc3 d5 12. c5 Nc8 13. h3 Bxf3 14. Bxf3 N8e7
15. b4 Nb8 16. Qb3 c6 17. b5 Nd7 18. Bg4 g6 19. bxc6 bxc6 20. Qb7 Nxc5 21. dxc5
Bxc3 22. Bg5 f6 23. Rae1 Re8 24. Be6+ Kg7 25. Bf4 Bxe1 26. Bc7 Rb8 27. Qxa7 Ra8
28. Qb6 Ba5 29. Bxd8 Bxb6 30. Bxb6 Rxa2 0-1

[Event "SR 2. liga A 2016/2017"]
[Site "?"]
[Date "2016.10.09"]
[Round "2.5"]
[White "Koloditsova, Renata"]
[Black "Povysil, Peter"]
[Result "1-0"]
[WhiteElo "1942"]
[BlackElo "1978"]
[PlyCount "45"]
[EventDate "2016.??.??"]

1. d4 Nf6 2. c4 c6 3. d5 d6 4. Nc3 cxd5 5. cxd5 Qa5 6. g3 e6 7. Bg2 exd5 8. Nf3
Be7 9. O-O O-O 10. a3 Nc6 11. b4 Nxb4 12. Bd2 Nc6 13. a4 Qd8 14. Rb1 a6 15. Be3
Qa5 16. Qb3 d4 17. Nxd4 Nxd4 18. Bxd4 Bf5 19. e4 Be6 20. Qxb7 Rfe8 21. Rfc1 Ng4
22. h3 Ne5 23. Bb6 1-0

[Event "SR 2. liga A 2016/2017"]
[Site "?"]
[Date "2016.10.09"]
[Round "2.5"]
[White "Mandak, Miroslav"]
[Black "Pusec, Pavel"]
[Result "1/2-1/2"]
[WhiteElo "2010"]
[BlackElo "1996"]
[PlyCount "58"]
[EventDate "2016.??.??"]

1. e4 d6 2. d4 Nf6 3. Nc3 g6 4. g3 Bg7 5. Bg2 O-O 6. Nge2 c6 7. a4 e5 8. h3 a5
9. Be3 Na6 10. O-O Be6 11. Qd2 Qc8 12. Kh2 exd4 13. Nxd4 Bc4 14. Rfe1 Qc7 15.
Rad1 Rad8 16. Bh6 Ne8 17. b3 Be6 18. Rf1 Bc8 19. Bxg7 Nxg7 20. Ndb5 Qb8 21. Nd4
f6 22. Nce2 Qc7 23. Nf4 Nc5 24. Nd3 Nce6 25. Nxe6 Bxe6 26. Nf4 Bc8 27. Qc3 Ne6
28. Nxe6 Bxe6 29. Rd2 f5 1/2-1/2

[Event "SR 2. liga A 2016/2017"]
[Site "?"]
[Date "2016.10.09"]
[Round "2.5"]
[White "Lesny, Stefan"]
[Black "Kebis, Milos"]
[Result "1/2-1/2"]
[WhiteElo "2012"]
[BlackElo "1964"]
[PlyCount "98"]
[EventDate "2016.??.??"]

1. e4 e5 2. Nf3 Nc6 3. Bc4 Nf6 4. Ng5 d5 5. exd5 Na5 6. Bb5+ c6 7. dxc6 bxc6 8.
Qf3 h6 9. Ne4 Nd5 10. Nec3 Be6 11. Ba4 Bc5 12. a3 Bd4 13. b4 Nb6 14. Bxc6+ Nxc6
15. Qxc6+ Bd7 16. Qf3 Rc8 17. O-O O-O 18. a4 Rc6 19. Ra3 Qe7 20. b5 Rf6 21. Nd5
Nxd5 22. Qxd5 Rc8 23. Rg3 Rxc2 24. Ba3 Qe8 25. Rf3 Be6 26. Qe4 Rxf3 27. Qxc2
Bf5 28. Qc6 Qxc6 29. bxc6 Rb3 30. c7 Bb6 31. Bd6 Bxc7 32. Bxc7 Bxb1 33. Bxe5
Bd3 34. Ra1 a6 35. Bc3 f5 36. f4 Rb1+ 37. Rxb1 Bxb1 38. Kf2 Kf7 39. Ke3 Be4 40.
g3 g6 41. Kd4 Ke6 42. Kc5 Bd3 43. Bg7 h5 44. Kd4 Bc2 45. a5 Ba4 46. Kc5 Bc2 47.
d4 Be4 48. Kb6 Bd3 49. Kc6 Be4+ 1/2-1/2

[Event "SR 2. liga A 2016/2017"]
[Site "?"]
[Date "2016.10.09"]
[Round "2.5"]
[White "Mikulasek, Viktor"]
[Black "Ujhelyi, Matus"]
[Result "1/2-1/2"]
[WhiteElo "1859"]
[BlackElo "1915"]
[PlyCount "29"]
[EventDate "2016.??.??"]

1. e4 e6 2. d4 d5 3. exd5 exd5 4. Bd3 Nf6 5. h3 Bd6 6. Nf3 O-O 7. O-O h6 8. Nc3
c6 9. a3 Nbd7 10. Re1 Re8 11. Rxe8+ Qxe8 12. Nh4 Nf8 13. Bd2 Ne6 14. Nf5 Bf4
15. Bxf4 1/2-1/2

[Event "SR 2. liga A 2016/2017"]
[Site "?"]
[Date "2016.10.09"]
[Round "2.6"]
[White "Darazs, Zoltan"]
[Black "Straka, Jozef"]
[Result "1/2-1/2"]
[WhiteElo "2138"]
[BlackElo "2280"]
[PlyCount "72"]
[EventDate "2016.??.??"]

1. e4 c5 2. Nf3 e6 3. d4 cxd4 4. Nxd4 Nf6 5. Nc3 d6 6. g4 h6 7. h4 Nc6 8. Rg1
g6 9. g5 hxg5 10. Bxg5 Be7 11. Qd2 a6 12. O-O-O Bd7 13. f4 Rc8 14. f5 gxf5 15.
exf5 e5 16. Nxc6 Bxc6 17. Bg2 Qd7 18. Qd3 b5 19. Kb1 b4 20. Bxc6 Rxc6 21. Bxf6
Bxf6 22. Nd5 Be7 23. Rg4 a5 24. Rdg1 Qb7 25. Rg8+ Rxg8 26. Rxg8+ Bf8 27. Qg3
Rc5 28. Qg7 Qxd5 29. Qxf8+ Kd7 30. Qe8+ Kc7 31. Qb8+ Kd7 32. Qd8+ Kc6 33. Qa8+
Kd7 34. Qe8+ Kc7 35. Qe7+ Kc6 36. Qe8+ Kc7 1/2-1/2

[Event "SR 2. liga A 2016/2017"]
[Site "?"]
[Date "2016.10.09"]
[Round "2.6"]
[White "Sosovicka, Juraj"]
[Black "Marosi, Csaba"]
[Result "1/2-1/2"]
[WhiteElo "2179"]
[BlackElo "2000"]
[PlyCount "62"]
[EventDate "2016.??.??"]

1. b3 e6 2. Bb2 c5 3. Nf3 Nf6 4. e3 Be7 5. Be2 O-O 6. O-O b6 7. c4 Bb7 8. d4
cxd4 9. Nxd4 a6 10. Nc3 d6 11. Rc1 Nbd7 12. Bf3 Qc7 13. Qe2 Rac8 14. Rfd1 Qb8
15. Bxb7 Qxb7 16. e4 Rfe8 17. f4 d5 18. cxd5 exd5 19. e5 Bc5 20. Kh1 g6 21. Qf3
Ne4 22. Nxe4 dxe4 23. Qg4 Bxd4 24. Rxd4 Nc5 25. Rdc4 Nd7 26. e6 Rxc4 27. exf7+
Kxf7 28. Rxc4 e3 29. f5 Ne5 30. fxg6+ Nxg6 31. Rc1 e2 1/2-1/2

[Event "SR 2. liga A 2016/2017"]
[Site "?"]
[Date "2016.10.09"]
[Round "2.6"]
[White "Cibulka, Vladimir"]
[Black "Duben, Igor"]
[Result "1/2-1/2"]
[WhiteElo "2157"]
[BlackElo "2218"]
[PlyCount "32"]
[EventDate "2016.??.??"]

1. d4 d5 2. Nf3 Nf6 3. Bg5 e6 4. e3 Be7 5. Bd3 c5 6. c3 b6 7. Ne5 O-O 8. Nd2 h6
9. Bh4 Nfd7 10. Bxe7 Qxe7 11. Ndf3 Nxe5 12. Nxe5 Nd7 13. f4 Nxe5 14. dxe5 f6
15. Qh5 Bd7 16. O-O f5 1/2-1/2

[Event "SR 2. liga A 2016/2017"]
[Site "?"]
[Date "2016.10.09"]
[Round "2.6"]
[White "Oprea, Erik"]
[Black "Veselsky, Jozef"]
[Result "1-0"]
[WhiteElo "2180"]
[BlackElo "2072"]
[PlyCount "77"]
[EventDate "2016.??.??"]

1. c4 e6 2. d4 d5 3. Nc3 Nf6 4. Bf4 c6 5. c5 Nbd7 6. Nf3 b6 7. b4 a5 8. a3 axb4
9. axb4 Bb7 10. e3 Be7 11. Bd3 O-O 12. O-O h6 13. h3 Qc8 14. Qe2 bxc5 15. bxc5
Re8 16. Rxa8 Bxa8 17. Rb1 Bb7 18. Qa2 Qa8 19. Qb2 Bc8 20. Ra1 Qb7 21. Qa3 Nb6
22. Ba6 Qa8 23. Qb2 Nbd7 24. Bf1 Qb7 25. Qa2 Qb4 26. Nd1 Bd8 27. Rb1 Qa5 28.
Qb2 Be7 29. Ra1 Qd8 30. Ra8 Ne4 31. Qa2 e5 32. Ba6 exf4 33. Rxc8 Qxc8 34. Bxc8
Rxc8 35. Qa7 Nef6 36. exf4 Rb8 37. Ne3 Bf8 38. Ne5 Nxe5 39. Qxb8 1-0

[Event "SR 2. liga A 2016/2017"]
[Site "?"]
[Date "2016.10.09"]
[Round "2.6"]
[White "Szitasi, Janos"]
[Black "Sosovicka, Jakub"]
[Result "1/2-1/2"]
[WhiteElo "1981"]
[BlackElo "1928"]
[PlyCount "139"]
[EventDate "2016.??.??"]

1. e4 c5 2. Nf3 d6 3. d4 cxd4 4. Nxd4 Nf6 5. Nc3 a6 6. Be2 e5 7. Nf3 Be7 8. O-O
O-O 9. a4 h6 10. Bc4 Be6 11. Qe2 Qc7 12. Nd5 Nxd5 13. exd5 Bf5 14. Be3 Nd7 15.
Rfc1 Rac8 16. b3 Nb6 17. Bxb6 Qxb6 18. c3 Qc5 19. Qe3 b5 20. axb5 axb5 21. Qxc5
Rxc5 22. Bf1 Rxd5 23. Ra5 Rb8 24. Ra7 Bd8 25. c4 Rc5 26. Rd1 Bb6 27. Ra6 Bc8
28. Ra2 bxc4 29. bxc4 Bc7 30. Ra7 Be6 31. Ra4 Rb2 32. h3 d5 33. cxd5 Rxd5 34.
Rxd5 Bxd5 35. Ne1 e4 36. Rd4 Bb7 37. Rc4 Ba5 38. Rc1 Bd2 39. Rc2 Rxc2 40. Nxc2
Bc3 41. Bc4 Kf8 42. Ne3 Bd2 43. Bd5 Bxd5 44. Nxd5 Ke8 45. Kf1 Kd7 46. Nb6+ Ke6
47. Ke2 Bc1 48. Kd1 Bg5 49. Ke2 f5 50. Na4 Bf6 51. Nc5+ Kd5 52. Nb3 Bg5 53. Na1
f4 54. Nb3 Be7 55. Nd2 Bb4 56. Nf1 g5 57. Nh2 h5 58. Nf1 Kd4 59. Nh2 Ke5 60.
Nf1 g4 61. hxg4 hxg4 62. Nh2 Kf5 63. Nf1 Kg5 64. g3 f3+ 65. Ke3 Kf5 66. Kd4 Be1
67. Ne3+ Kg5 68. Nd1 Kf5 69. Ne3+ Kg5 70. Nd1 1/2-1/2

[Event "SR 2. liga A 2016/2017"]
[Site "?"]
[Date "2016.10.09"]
[Round "2.6"]
[White "Kosegi, Marek"]
[Black "Merva, Frantisek"]
[Result "0-1"]
[WhiteElo "1913"]
[BlackElo "2100"]
[PlyCount "116"]
[EventDate "2016.??.??"]

1. d4 d5 2. Nf3 Nf6 3. c4 c6 4. e3 a6 5. Nc3 Bg4 6. h3 Bf5 7. Bd3 Bxd3 8. Qxd3
e6 9. e4 dxe4 10. Nxe4 Nxe4 11. Qxe4 Bb4+ 12. Bd2 Bxd2+ 13. Nxd2 Nd7 14. O-O
Nf6 15. Qe5 O-O 16. Rfe1 Qb8 17. Qg5 Qd6 18. Nb3 a5 19. Re3 a4 20. Qe5 Qxe5 21.
dxe5 axb3 22. exf6 bxa2 23. Ra3 Rxa3 24. bxa3 gxf6 25. Rxa2 Ra8 26. Rb2 Rxa3
27. Rxb7 Ra4 28. Kf1 Rxc4 29. Ke2 Rd4 30. Rc7 Rd6 31. Ke3 Kg7 32. g4 f5 33.
gxf5 exf5 34. Kf4 Kf6 35. Rc8 h6 36. Rc7 Ke6 37. h4 f6 38. h5 Rd4+ 39. Kg3 Kd5
40. Rd7+ Ke5 41. Re7+ Kd6 42. Rf7 Ke6 43. Rc7 f4+ 44. Kg4 f5+ 45. Kf3 Rd6 46.
Kxf4 Kf6 47. Rh7 Rd4+ 48. Ke3 Re4+ 49. Kf3 Kg5 50. Rc7 Rc4 51. Rf7 Rc3+ 52. Kg2
c5 53. Rf8 c4 54. f4+ Kxf4 55. Rg8 Rc2+ 56. Kf1 Kf3 57. Ke1 c3 58. Kd1 Rg2 0-1

[Event "SR 2. liga A 2016/2017"]
[Site "?"]
[Date "2016.10.09"]
[Round "2.6"]
[White "Kalmar, Tamas"]
[Black "Szollos, Ondrej"]
[Result "1-0"]
[WhiteElo "2044"]
[BlackElo "2010"]
[PlyCount "119"]
[EventDate "2016.??.??"]

1. d4 d6 2. c4 Nf6 3. Nc3 c6 4. e4 Qc7 5. f3 e5 6. Nge2 Be7 7. Be3 a6 8. a4 b6
9. Nc1 Nbd7 10. Be2 Bb7 11. Nd3 O-O 12. O-O Rad8 13. Qc2 Rfe8 14. Rfd1 Nf8 15.
Rac1 Ne6 16. d5 Nd4 17. Bxd4 exd4 18. dxc6 dxc3 19. cxb7 cxb2 20. Qxb2 Nd7 21.
Nb4 Qxb7 22. Nd5 Qc8 23. Nxe7+ Rxe7 24. Rxd6 Qc7 25. Qd4 Rb8 26. Rb1 a5 27. Rb5
Kf8 28. Rh5 Kg8 29. Rhd5 Nc5 30. Rd8+ Re8 31. Rxe8+ Rxe8 32. Bd1 Ne6 33. Rd7
Rd8 34. Rxc7 Rxd4 35. Rc8+ Rd8 36. Rxd8+ Nxd8 37. Kf2 Kf8 38. Ke3 Nc6 39. e5
Ke7 40. Ke4 Ke6 41. f4 f5+ 42. exf6 gxf6 43. Bg4+ Kd6 44. Kf5 Ke7 45. h4 Nb4
46. Bd1 Nd3 47. g4 h6 48. h5 Nf2 49. Be2 Kf7 50. Bf3 Nd3 51. Bc6 Kg7 52. Be8
Nb2 53. Bb5 Nd3 54. Ke4 Nb4 55. Kd4 Kf7 56. c5 Nc2+ 57. Kc3 Nb4 58. Bc4+ Ke7
59. cxb6 Kd6 60. g5 1-0

[Event "SR 2. liga A 2016/2017"]
[Site "?"]
[Date "2016.10.09"]
[Round "2.6"]
[White "Kucera, Michal"]
[Black "Meszaros, Lorant"]
[Result "1-0"]
[WhiteElo "1865"]
[BlackElo "2024"]
[PlyCount "69"]
[EventDate "2016.??.??"]

1. e4 e5 2. Nf3 Nc6 3. Bb5 a6 4. Ba4 Nf6 5. O-O Be7 6. Re1 b5 7. Bb3 d6 8. c3
O-O 9. h3 Nd7 10. d4 Bf6 11. a4 Rb8 12. axb5 axb5 13. Be3 exd4 14. Nxd4 Nxd4
15. cxd4 c5 16. f4 Bh4 17. Rf1 c4 18. Bc2 Nf6 19. Kh2 b4 20. Nd2 b3 21. Bb1 Re8
22. g3 Nd5 23. Bf2 c3 24. gxh4 Nxf4 25. bxc3 Bxh3 26. Rg1 Qc8 27. Qf3 Bg2 28.
Rxg2 Nxg2 29. Kxg2 b2 30. Ra2 Re6 31. e5 dxe5 32. Bf5 Rg6+ 33. Bxg6 hxg6 34.
Ra7 f6 35. dxe5 1-0